000 01254nam a2200229Ia 4500
999 _c37662
_d37662
001 3634
003 GE_BSU
005 20221220121753.0
008 181216s1977||||ge |||||||||||||| ||geo||
040 _cGE_BSU
041 _ageo
080 _a528.48(075.8):622.1 თ–40
100 _aთევზაძე, ნ.
_91432
245 _aსაინჟინრო გეოდეზია : 10 ნაწილად :
_cნიკოლოზ თევზაძე ; რედ : პ. ლაბარტყავა.
_bნაწ. 7 : საყრდენი პუნქტები. მანძილსაზომები და მანძილმზომები. სანიველო და სანიველირო ინსტრუმენტები /
264 _aთბილისი :
_bგანათლება,
_c1977.
300 _a403 გვ .:
_b ილ;
_c26 სმ.
653 _aსაინჟინრო გეოდეზია
653 _aმანძილმზომები
653 _aსანიველო და სანიველირო ინსტრუმენტები
700 _aლაბარტყავა, პ
_eრედაქტორი
_9523
942 _cBK
_2udc